[Event "Poles apart- rating  under 1900 (30 days +1)"]
[Site "SchemingMind.com"]
[Date "2008.11.06"]
[Round "-"]
[White "marble"]
[Black "Kobiahshi"]
[Result "1-0"]
[WhiteCountry "ENG"]
[BlackCountry "USA"]
[WhiteElo "1874"]
[WhiteRD "57"]
[BlackElo "1579"]
[BlackRD "76"]
[GameID "177628"]

1. d4 b5 2. e4 c6 3. Nf3 d6 4. Nc3 a6 5. Bd3 Bg4 6. h3 Bh5 7. O-O e6 8. a3 Nf6 9. Re1 Be7 10. g4 Bg6
11. g5 Nh5 12. Be3 c5 13. Be2 O-O 14. d5 exd5 15. Qxd5 Nd7 16. Qd1 Qc8 17. Nd5 Bd8 18. Nh2 Rb8 19. Bxh5 Ne5 20. Bxg6 hxg6
21. Ng4 Kh7 22. Nxe5 Qe6 23. Nc6 Rb7 24. Qg4 f5 25. Nf4 Qd7 26. Qh4+ Kg8 27. Nxg6 Re8 28. Nxd8 Qxd8 29. exf5 Kf7 30. Qh5 Rg8
31. Bd2 d5 32. Nh8+ Kf8 33. f6 gxf6 34. Re6 fxg5 35. Qf3+ Kg7 36. Bc3+
1-0

[Event "Poles apart- rating  under 1900 (30 days +1)"]
[Site "SchemingMind.com"]
[Date "2008.11.06"]
[Round "-"]
[White "jtrochez1"]
[Black "marble"]
[Result "0-1"]
[WhiteCountry "HON"]
[BlackCountry "ENG"]
[WhiteElo "1532"]
[WhiteRD "50"]
[BlackElo "1840"]
[BlackRD "56"]
[GameID "177629"]

1. d4 b5 2. e4 Bb7 3. Bd3 e6 4. Nf3 a6 5. O-O Nc6 6. Bd2 d5 7. e5 Nge7 8. Bg5 Nb4 9. c3 Nbc6 10. a3 h6
11. Bxe7 Bxe7 12. b4 O-O 13. Re1 a5 14. Nbd2 axb4 15. cxb4 Na7 16. Nb3 c6 17. Nc5 Bxc5 18. dxc5 Nc8 19. Nd4 Qh4 20. Ra2 Kh8
21. Nf3 Qd8 22. Bc2 Ne7 23. Nd4 Qd7 24. a4 f6 25. f4 bxa4 26. Bxa4 Ng6 27. g3 fxe5 28. fxe5 Ne7 29. Qg4 Nf5 30. Nxf5 Rxf5
31. Bb3 Raf8 32. Qd4 Qf7 33. Bc4 dxc4 34. Qxc4 Rf2 35. Rxf2 Qxf2+
0-1

[Event "Poles apart- rating  under 1900 (30 days +1)"]
[Site "SchemingMind.com"]
[Date "2008.11.08"]
[Round "-"]
[White "echecs"]
[Black "marble"]
[Result "1/2-1/2"]
[WhiteCountry "ENG"]
[BlackCountry "ENG"]
[WhiteElo "1834"]
[WhiteRD "57"]
[BlackElo "1889"]
[BlackRD "55"]
[GameID "177630"]

1. d4 b5 2. e3 Bb7 3. Nf3 a6 4. Bd3 Nc6 5. O-O e6 6. c4 Nb4 7. Be2 Nf6 8. a3 Bxf3 9. Bxf3 Nc6 10. cxb5 axb5
11. Qc2 Rb8 12. Bxc6 dxc6 13. Qxc6+ Nd7 14. Nc3 Rb6 15. Qf3 Bd6 16. Ne4 Be7 17. Bd2 O-O 18. Ba5 Ra6 19. Bc3 Qa8 20. Rad1 f5
21. Nd2 Nf6 22. Qxa8 Raxa8 23. Nb1 Rfb8 24. b4 Nd5 25. Bb2 Ra6 26. Rc1 Bd6 27. Nc3 Rb7 28. Rfe1 c6 29. e4 Nxc3 30. Rxc3 Rd7
31. Rf3 fxe4 32. Rxe4 Re7 33. Rfe3 Kf7 34. Rh3 h6 35. Rf3+ Kg6 36. h3 Ra8 37. g3 Kh7 38. Rfe3 Rae8 39. Rc3 Rc7 40. Kg2 Kg8
41. f4 Kf7 42. Rf3 g6 43. h4 Bf8 44. Kh3 Bg7 45. Kg4 h5+ 46. Kh3 Rd7 47. g4 hxg4+ 48. Kxg4 Red8 49. Rd3 Rd5 50. Rd1 Bf6=
1/2-1/2

[Event "Poles apart- rating  under 1900 (30 days +1)"]
[Site "SchemingMind.com"]
[Date "2008.11.06"]
[Round "-"]
[White "vinz"]
[Black "marble"]
[Result "1-0"]
[WhiteCountry "FRA"]
[BlackCountry "ENG"]
[WhiteElo "1642"]
[WhiteRD "82"]
[BlackElo "1840"]
[BlackRD "56"]
[GameID "177632"]

1. d4 b5 2. e4 Bb7 3. Bd3 e6 4. Nf3 a6 5. O-O d6 6. Bf4 Nd7 7. Re1 Be7 8. e5 c5 9. exd6 Bf6 10. c3 Nh6
11. Ne5 c4 12. Bc2 Bxe5 13. dxe5 Qh4 14. Bg3 Qg4 15. Qxg4 Nxg4 16. Nd2 Nh6 17. f3 O-O 18. Ne4 Bd5 19. Nf2 Rab8 20. f4 f6
21. Rad1 b4 22. Rxd5 exd5 23. e6 Rfe8 24. f5 b3 25. axb3 g6 26. Nh3 gxf5 27. Nf4 cxb3 28. Bb1 Nc5 29. e7 Ne4 30. Nxd5 Nxg3
31. hxg3 Kf7 32. d7 Rh8 33. e8=Q+ Rhxe8 34. dxe8=Q+ Rxe8 35. Rxe8 Kxe8 36. Nxf6+ Kf7 37. Nxh7 Ke6 38. Kf2 Ng4+ 39. Kf3 Ne5+ 40. Kf4 Nc4
41. Bxf5+ Kd6 42. Ng5 Nxb2 43. g4 a5 44. Ne4+ Kd5 45. Nd2 a4 46. Nxb3 axb3 47. g5 Kc4 48. Ke3 Nd1+ 49. Kd2 Nxc3 50. g6 Nd5
51. g7 Ne7 52. Be6+ Kb4 53. g8=Q Nxg8 54. Bxg8 b2 55. Bh7 Kc5 56. Kc3 Kd5 57. Kxb2 Ke5 58. g4
1-0

[Event "Poles apart- rating  under 1900 (30 days +1)"]
[Site "SchemingMind.com"]
[Date "2008.11.09"]
[Round "-"]
[White "gingerbread"]
[Black "marble"]
[Result "0-1"]
[WhiteCountry "ENG"]
[BlackCountry "ENG"]
[WhiteElo "1837"]
[WhiteRD "81"]
[BlackElo "1874"]
[BlackRD "57"]
[GameID "177633"]

1. d4 b5 2. e4 c6 3. Nf3 e6 4. Nbd2 Be7 5. Bd3 Bb7 6. O-O c5 7. b3 Nc6 8. e5 Qb6 9. d5 exd5 10. c4 Nb4
11. Be2 bxc4 12. a3 Nd3 13. bxc4 Nxc1 14. Rb1 Nxe2+ 15. Qxe2 Qc7 16. Rfe1 Nh6 17. cxd5 Bxd5 18. Qd3 Be6 19. Qe3 O-O 20. Nf1 d6
21. Ng3 d5 22. h3 Rab8 23. Rbc1 Nf5 24. Nxf5 Bxf5 25. Nd2 h6 26. f4 c4 27. Nf3 Be4 28. Nd4 Bc5 29. Kh2 Rb2 30. Rg1 Qb6
31. Rcd1 Rb3 32. Qc1 Bxd4
0-1

[Event "Poles apart- rating  under 1900 (30 days +1)"]
[Site "SchemingMind.com"]
[Date "2008.11.06"]
[Round "-"]
[White "Kobiahshi"]
[Black "marble"]
[Result "0-1"]
[WhiteCountry "USA"]
[BlackCountry "ENG"]
[WhiteElo "1579"]
[WhiteRD "76"]
[BlackElo "1874"]
[BlackRD "57"]
[GameID "177634"]

1. d4 b5 2. e4 Bb7 3. d5 a6 4. Nf3 Nf6 5. Bd3 e6 6. c4 bxc4 7. Bc2 exd5 8. exd5 Bb4+ 9. Kf1 O-O 10. Qd4 Bxd5
11. Bg5 Nc6 12. Qd1 Be6 13. a3 Be7 14. Nc3 h6 15. Be3 d5 16. h3 Rb8 17. Ne2 Rxb2 18. Ned4 Nxd4 19. Bxd4 Rb7 20. Bb1 c5
21. Bc3 d4 22. Bd2 c3 23. Bf4 c4 24. Qc2 Rb2 25. Qd1 d3 26. Be5 c2 27. Bxc2 Rxc2 28. Nd4 Rxf2+ 29. Kxf2 Bc5 30. Ke3 Qd5
31. Qf3 Qxe5+ 32. Kd2 Bxd4 33. Rac1 Ne4+ 34. Kd1 Nf2+ 35. Kd2 Qa5+ 36. Rc3 Qxc3#
0-1